01055naa#a2200205#i#4500001001600000005001700016011001400033100004100047101000800088102000700096200032400103210008300427215001000510608004500520675011000565700005400675700005000729700005000779856002000829RU\\bibl\12616120260630035626.2##a2077-7566##a20260629b2026####ek#y0rusy0150####ca0#aRUS##aRU1#aОЦЕНКА КЛИНИКО-ЛАБОРАТОРНЫХ ИЗМЕНЕНИЙ ПОКАЗАТЕЛЕЙ СОСТОЯНИЯ РТА У ПАЦИЕНТОВ С ГЕМОФИЛИЕЙ НА ФОНЕ ПРИМЕНЕНИЯ НОВОЙ ЛЕЧЕБНО-ПРОФИЛАКТИЧЕСКОЙ ЗУБНОЙ ПАСТЫeЖурнальная статья1#aЕкатеринбургcИздательский Дом «ТИРАЖ»d2026##a4 с.##aЖурнальная статья2local##aСтоматология. Заболевания ротовой полости и зубов. 616.31zRUS#1aФедороваgРимма Кирилловна#1aОрешакаgОлег Васильевич#1aФедоровgКирилл Петрович4#adental-press.ru